The Economic Value of Underage and Adult Excessive Drinking to the Alcohol Industry

Saved in:  
Bibliographic Details
Corporate Author: National Center on Addiction and Substance Abuse at Columbia University. VerfasserIn (Author)
Format: Electronic Article
Language:English
Published: National Center on Addiction and Substance Abuse at Columbia University 2003
In:Enthalten in: CASA White Paper
Online Access: Volltext (lizenzpflichtig)
Check availability: HBZ Gateway

MARC

LEADER 00000caa a22000002c 4500
001 1912527022
003 DE-627
005 20250125055130.0
007 cr uuu---uuuuu
008 241217s2003 xx |||||o 00| ||eng c
035 |a (DE-627)1912527022 
035 |a (DE-599)KXP1912527022 
040 |a DE-627  |b ger  |c DE-627  |e rda 
041 |a eng 
084 |a 2,1  |2 ssgn 
110 2 |a National Center on Addiction and Substance Abuse at Columbia University  |e VerfasserIn  |4 aut 
245 1 4 |a The Economic Value of Underage and Adult Excessive Drinking to the Alcohol Industry 
264 1 |b National Center on Addiction and Substance Abuse at Columbia University  |c 2003 
336 |a Text  |b txt  |2 rdacontent 
337 |a Computermedien  |b c  |2 rdamedia 
338 |a Online-Ressource  |b cr  |2 rdacarrier 
773 0 8 |i Enthalten in  |t CASA White Paper 
787 0 8 |i Forschungsdaten  |a United States Department of Health and Human Services. Substance Abuse and Mental Health Services Administration. Office of Applied Studies  |t National Survey on Drug Use and Health, 2009  |d [Erscheinungsort nicht ermittelbar] : [Verlag nicht ermittelbar], 2010  |w (DE-627)184004523X 
787 0 8 |i Forschungsdaten  |a Johnston, Lloyd D.  |t Monitoring the Future: A Continuing Study of American Youth (12th-Grade Survey), 1999  |d [Erscheinungsort nicht ermittelbar] : [Verlag nicht ermittelbar], 2000  |w (DE-627)1840057017 
787 0 8 |i Forschungsdaten  |a Johnston, Lloyd D.  |t Monitoring the Future: A Continuing Study of American Youth (8th- and 10th-Grade Surveys), 1999  |d [Erscheinungsort nicht ermittelbar] : [Verlag nicht ermittelbar], 2000  |w (DE-627)1840065109 
856 4 0 |u http://www.casacolumbia.org/templates/publications_reports.aspx  |x Verlag  |z lizenzpflichtig  |3 Volltext  |7 1 
935 |a mkri 
951 |a AR 
ELC |a 1 
LOK |0 000 xxxxxcx a22 zn 4500 
LOK |0 001 4637492521 
LOK |0 003 DE-627 
LOK |0 004 1912527022 
LOK |0 005 20241217044354 
LOK |0 008 241217||||||||||||||||ger||||||| 
LOK |0 035   |a (DE-2619)ICPSR102639 
LOK |0 040   |a DE-2619  |c DE-627  |d DE-2619 
LOK |0 092   |o n 
LOK |0 852   |a DE-2619 
LOK |0 852 1  |9 00 
LOK |0 935   |a uvkn  |a nacp 
LOK |0 939   |a 17-12-24  |b l01 
ORI |a SA-MARC-krimdoka001.raw